Manual de Derecho Concursal

Saved in:
Bibliografiske detaljer
Hovedforfatter: Troncoso Valdés, José Eduardo (Author)
Format: Bog
Sprog:spansk
Udgivet: Santiago Legge Ediciones 2018
Udgivelse:1a. ed
Serier:Colección Manuales Jurídicos
Fag:
Tags: Tilføj Tag
Ingen Tags, Vær først til at tagge denne postø!

MARC

LEADER 00000cam a2200000 a 4500
001 UCC6837
003 CL-VaPUC
008 190111e20180000cl |||||||||||||||||spa|d
020 |a 9789569970023 
082 0 4 |a 346.83078  |b TRO  |2 21 
100 0 |a Troncoso Valdés, José Eduardo  |e author  |9 601360 
245 1 0 |a Manual de Derecho Concursal 
250 |a 1a. ed 
300 |a 398 p 
942 |c BK 
945 |d 20190111 14:04:00  |a dcastane 
260 |a Santiago  |b Legge Ediciones  |c 2018 
650 0 |a Quiebra  |9 255386 
650 0 |a Derecho concursal   |9 374010 
583 |a last modification  |c 20190111 14:04:00  |k Rodrigo Vera 
490 0 |a Colección Manuales Jurídicos 
999 |c 373687  |d 373685 
952 |0 0  |1 0  |3 erb  |4 0  |6 346_830780000000000_TRO_2018  |7 0  |8 A  |9 491897  |a BIBDER  |b BIBDER  |i 5528844  |l 5  |m 1  |o 346.83078 TRO 2018  |p 5528844  |r 2023-10-26  |s 2023-08-14  |w 2019-11-24  |y BK  |z Catalogado en:20190111  |k DER